• 首页
  • 本馆介绍
  • 公告通知
  • 最新文献
  • 馆藏检索
  • 电子资源
  • 读者导购
  • 参考咨询
  • 我的图书馆
  • 登录
  • 详细信息显示
  • 放入我的书架
  • 预约/预借图书
  • 作者相关作品
  • 分类相关作品
  • 丛书相关作品
  • 出版社相关作品

书目信息

  • 表格格式
  • 工作单格式
  • 卡片格式
题名:
京津冀休闲体育协同发展的理论与实践研究
    
 
作者: 霍亮 著
分册:  
出版信息: 北京   经济管理出版社  2019
页数: 177页
开本: 24cm
丛书名:
单 册:
中图分类: G812.4
科图分类:
主题词: 体育事业--世界
电子资源:
ISBN: 978-7-5096-6078-2
000 00633nam0 2200193 450
001 2351139407
005 20231202141614.35
010    @a978-7-5096-6078-2@dCNY68.00
100    @a20231202d2019 km y0chiy0120 ea
101 0  @achi
102    @aCN@b110000
200 1  @a京津冀休闲体育协同发展的理论与实践研究@AJing Jin Ji Xiu Xian Ti Yu Xie Tong Fa Zhan De Li Lun Yu Shi Jian Yan Jiu@f霍亮著@FHuo Liang Zhu
210    @a北京@c经济管理出版社@d2019
215    @a177页@d24cm
606 0  @a体育事业@x世界
690    @aG812.4@v4
701  0 @a霍亮@AHuo Liang@4著
801  0 @aCN@b大连网信软件有限公司图书馆·11@c20231202
905    @aZUCC@dG812.4@e5
    
    京津冀休闲体育协同发展的理论与实践研究/霍亮著.-北京:经济管理出版社,2019
    177页;24cm
    
    
    ISBN 978-7-5096-6078-2:CNY68.00
    
●
相关链接 在五车中查询图书 在当当中查询图书 在豆瓣中查询图书


正题名:京津冀休闲体育协同发展的理论与实践研究     索取号:G812.4/5         预约/预借

序号 登录号 条形码 馆藏地/架位号 状态 备注
1 2001283983   2001283983   三新/湖北三新(第三批)/808/ [索取号:G812.4/5] 在馆    
2 2001283984   2001283984   三新/湖北三新(第三批)/808/ [索取号:G812.4/5] 在馆    
3 2001283985   2001283985   三新/湖北三新(第三批)/808/ [索取号:G812.4/5] 在馆    
4 2001283986   2001283986   三新/湖北三新(第三批)/808/ [索取号:G812.4/5] 在馆    
5 2001283987   2001283987   三新/湖北三新(第三批)/808/ [索取号:G812.4/5] 在馆    
6 2001283988   2001283988   三新/湖北三新(第三批)/808/ [索取号:G812.4/5] 在馆    
7 2001283989   2001283989   三新/湖北三新(第三批)/808/ [索取号:G812.4/5] 在馆    
8 2001283990   2001283990   三新/湖北三新(第三批)/808/ [索取号:G812.4/5] 在馆    
9 2001283991   2001283991   三新/湖北三新(第三批)/808/ [索取号:G812.4/5] 在馆    
山东省滨州职业学院图书馆 欢迎您!
大连网信软件有限公司© 版权所有